| 000 | 00541nam a2200193Ia 4500 | ||
|---|---|---|---|
| 003 | GCL | ||
| 008 | 140319s9999 xx 000 0 ara d | ||
| 040 |
_aGCL / _cGCL |
||
| 082 | 0 | 4 |
_a823.03 _bم ا |
| 100 | 1 | _aمونتيه , آكسيل | |
| 245 | 1 | 0 |
_aاحدوثة سان ميكيل / _cمونتيه , آكسيل |
| 700 | 1 | _aوديع فانوس المهندس | |
| 300 | _a380 | ||
| 490 |
_a100 قصة _v0 |
||
| 650 | 0 | 4 | _aالادب |
| 650 | 0 | 4 | _aالادب الانجليزى |
| 650 | 0 | 4 | _aالقصص الطويلة |
| 942 |
_2ddc _cBK |
||
| 999 |
_c43815 _d43815 |
||